Formula one drivers line-up 2009 - Statistics

General Stats
  • This quiz has been taken 122 times
  • The average score is 21 of 26
Answer Stats
Constructor Rounds Driver Nationality % Correct
Renault All Fernando Alonso Spain
91%
Brawn All Jenson Button UK
91%
Brawn All Rubens Barrichello Brazil
91%
Ferrari All Kimi Räikkönen Finland
90%
Red Bull All Sebastian Vettel Germany
90%
McLaren All Lewis Hamilton UK
89%
Ferrari 1-10 Felipe Massa Brazil
87%
BMW-Sauber All Robert Kubica Poland
87%
Red Bull All Mark Webber Australia
84%
Renault 1-10 Nelson Piquet Jr. Brazil
84%
McLaren All Heikki Kovalainen Finland
83%
Toyota All Jarno Trulli Italy
83%
Williams All Nico Rosberg Germany
80%
Ferrari 13-17 Giancarlo Fisichella Italy
79%
Force India 1-12 Giancarlo Fisichella Italy
79%
BMW-Sauber All Nick Heidfeld Germany
78%
Renault 11-17 Romain Grosjean France
78%
Toyota 16-17 Kamui Kobayashi Japan
76%
Toro Rosso All Sébastien Buemi Switzerland
72%
Toyota 1-15 Timo Glock Germany
71%
Force India All Adrian Sutil Germany
70%
Ferrari 11-12 Luca Badoer Italy
70%
Williams All Kazuki Nakajima Japan
69%
Toro Rosso 10-17 Jaime Alguersuari Spain
67%
Toro Rosso 1-9 Sébastien Bourdais France
67%
Force India 13-17 Vitantonio Liuzzi Italy
60%
No matching quizzes found
Score Distribution
Percent of People with Each Score
Percentile by Number Answered
Your Score History
You have not taken this quiz